Statistics for US Geography on the Map

Click here to take the quiz!

General Stats

  • This quiz has been taken 927 times
    (835 since last reset)
  • The average score is 18 of 30

Answer Stats

Answers % Correct
Idaho
96%
Alabama
94%
Vermont
94%
Maryland
93%
Kansas
93%
Florida
91%
Mississippi
89%
Boston
88%
San Francisco
87%
Miami
86%
Detroit
81%
Denver
80%
Puerto Rico
76%
Hawai'i
73%
Rio Grande
72%
Long Island
72%
Denali
65%
Oahu
64%
Hudson
55%
Upper Peninsula
40%
Mount Rainier
37%
Lower Peninsula
36%
Columbia
31%
Alaska
24%
Mount Rushmore
21%
Olympic
21%
Mount Whitney
20%
Kodiak
19%
Chattahoochee
8%
Mount Elbert
7%

Score Distribution

Percentile by Number Answered

Percent of People with Each Score

Your Score History

You have not taken this quiz since the last reset